LEADER 01122cam--2200349---450 001 990003617000203316 005 20200706103115.0 010 $a978-88-634-210-5 035 $a000361700 035 $aUSA01000361700 035 $a(ALEPH)000361700USA01 035 $a000361700 100 $a20120130d2011----km-y0itay50------ba 101 0 $aita 102 $aIT 105 $a||||||||001yy 200 1 $a<> guida del Sole 24 ore agli investimenti finanziari$egli strumenti, i prodotti, i processi, i servizi Caratteristiche e criteri di valutazione$fClaudio Izzo 205 $a2. ed. agg. 210 $aMilano$cIl sole 24 ore$d2011 215 $a477 p.$d24 cm 606 0 $aMercati finanziari$2BNCF 676 $a332.678 700 1$aIZZO,$bClaudio$0374304 801 0$aIT$bsalbc$gISBD 912 $a990003617000203316 951 $a332.678 IZZ 1$b19688 EC.$c332.678 IZZ$d00305494 959 $aBK 969 $aECO 979 $aFIORELLA$b90$c20120130$lUSA01$h1109 979 $aFIORELLA$b90$c20120130$lUSA01$h1113 996 $aœguida del Sole 24 ore agli investimenti finanziari$91136457 997 $aUNISA LEADER 03642nam1 22006013i 450 001 IEI0038913 005 20251003044157.0 100 $a19910417g19561959||||0itac50 ba 101 | $aita$cita 102 $ait 181 1$6z01$ai $bxxxe 182 1$6z01$an 183 1$6z01$anc$2RDAcarrier 200 1 $aPrediche inutili$fdi Luigi Einaudi 210 $aTorino$cG. Einaudi$d1956-1959 215 $a6 v.$d22 cm 225 | $aOpere di Luigi Einaudi. -$i 2. ser$v2 300 $aPubblicazione a dispense. 410 0$1001RAV0095994$12001 $aOpere di Luigi Einaudi. -$i*Opere di Luigi Einaudi. 2. ser$v2 463 1$1001IEI0038912$12001 $aˆDispensa 1: ‰Conoscere per deliberare$aScuola e liberta$v1 463 1$1001IEI0046033$12001 $aˆDispensa 2: L'‰andazzo è agli sganciamenti$aDi Ezio Vanoni e del suo piano$v2 463 1$1001LO10248837$12001 $aˆDispensa 5.: ‰Giustizieri e protezionisti municipali$aÈ un semplice riempitivo!$aPerplesso$aIn quale accademia?$fLuigi Einaudi$v5 463 1$1001LO10339077$12001 $aˆDispensa 3.: ‰Sulla educazione dei giovani$aContro il monopolio e non contro la scuola di Stato$aDelle diverse specie di creditori e di debitori$aDi un problema che non è particolare all'Alto Adige$aIn lode del profitto$v3 463 1$1001LO10339078$12001 $aˆDispensa 4.: ‰Gian Giacomo Rousseau, le teorie della volontà generale e del partito guida e il compito degli universitari$aDiscorso elementare sulle somiglianze e sulle dissomiglianze fra liberalismo e socialismo$aDi alcuni scatoloni vuoti correnti nell'economia agraria italiana$aPostilla al discorso ai Georgofili$v4 463 1$1001LO10405258$12001 $aˆDispensa 6: ‰Che cosa rimarrebbe allo Stato?$aCoordinare$aUn libro per seminaristi e studenti$aLiberismo e liberalismo o della continuità di Sturzo$aConcludendo$fLuigi Einaudi$v6 500 10$aPrediche inutili$3PAL0330574$9CFIV026671$948024 676 $a330$9SCIENZE ECONOMICHE$v20 676 $a330.1$9ECONOMIA. SISTEMI, SCUOLE, TEORIE$v21 676 $a330.945$9SITUAZIONI E CONDIZIONI ECONOMICHE. ITALIA$v12 676 $a330.945$9ECONOMIA - Situazioni e condizioni economiche - Italia$v14 676 $a945.092$9STORIA D'ITALIA. REPUBBLICA, 1946-$v12 676 $a945.092$9ITALIA. 1946-$v19 676 $a945.092$9STORIA GENERALE D'EUROPA. ITALIA. 1946-$v22 700 1$aEinaudi$b, Luigi$3CFIV026671$4070$0319569 790 0$aJunius$3TO0V504803$zEinaudi, Luigi 790 0$aVeterano$3TO0V536170$zEinaudi, Luigi 801 3$aIT$bIT-000000$c19910417 850 $aIT-BN0095 $aIT-NA0311 $aIT-NA0079 $aIT-NA0120 $aIT-CE0066 $aIT-AV0004 $aIT-NA0581 $aIT-NA0095 $aIT-NA0249 $aIT-NA0097 901 $bNAP SP$cF. DON. $n$ 901 $bNAP FC$cCONTINUAZ.$n$ 901 $bNAP SB$cSAB-CAM $n$ 901 $bNAP DV$cS. MODERNA$n$ 901 $bNAP BE$cBIBLIOTECA$n$ 901 $bNAP FC$cFONDO $n$ 901 $bNAP 01$cPOZZO LIB.$nVi sono collocati fondi di economia, periodici di ingegneria e scienze, periodici di economia e statistica e altri fondi comprendenti documenti di economia pervenuti in dono. 901 $bNAP SG$cSALA S $n$ 901 $bNAP CV$cDISTACCATA$nComprende risorse ubicate in una sezione distaccata della biblioteca comunale 912 $aIEI0038913 950 1$aBiblioteca Centralizzata di Ateneo$bDispense 1-5$cDispense 1-5$d 01POZZO LIB.ECON MON 6092 967 $m6 977 $a 01$a BE$a BN$a CR$a CV$a DV$a FC$a SB$a SG$a SP 996 $aPrediche inutili$948024 997 $aUNISANNIO